000 00523nam a2200169Ia 4500
003 GCL
008 140319s9999 xx 000 0 ara d
040 _aGCL /
_cGCL
082 0 4 _a346.0482
_bم ح
100 1 _aمصطفى عبدالرحمن
245 1 0 _aحق المؤلف العربى /
_cمصطفى عبدالرحمن
300 _a115 ص
490 _aالهيئة العامة للاستعلامات
_v0
650 0 4 _aحقوق التأليف والنشر
650 0 4 _aالمؤلفون العرب
942 _2ddc
_cBK
999 _c47136
_d47136